[Event "Quimper-Echiquier Berry Sologne"]
[Site "Rennes"]
[Date "2008.04.05"]
[Round "10.2"]
[White "Cosma, Ioan"]
[Black "Jolly, Jean Francois"]
[Result "1/2-1/2"]
[WhiteElo "2453"]
[BlackElo "2329"]
[PlyCount "182"]
[EventDate "2008.04.05"]
[SourceDate "2007.10.25"]

1. d4 d5 2. c4 c6 3. cxd5 cxd5 4. Bf4 Nc6 5. Nc3 Nf6 6. e3 e6 7. Rc1 Bd6 8.
Bxd6 Qxd6 9. f4 Ne4 10. Nxe4 dxe4 11. Ne2 O-O 12. Nc3 f5 13. a3 Ne7 14. Bc4 Nd5
15. Bxd5 exd5 16. Qb3 Be6 17. O-O Rab8 18. Rc2 b5 19. Qb4 Qxb4 20. axb4 Rfc8
21. Ra1 Rb7 22. Kf2 Rc4 23. b3 Rc6 24. Ke1 Rbc7 25. Kd2 a6 26. Rcc1 Kf7 27. Ne2
Rxc1 28. Nxc1 Bc8 29. Ne2 Rc6 30. Nc3 Be6 31. Rc1 Rc8 32. h3 h5 33. Rf1 h4 34.
Rg1 Kf6 35. Ne2 Bf7 36. Rh1 Bh5 37. Nc3 Bf7 38. Rc1 Kg6 39. Rc2 Kh6 40. Rc1 Kg6
41. Ra1 Rc6 42. Ne2 Kf6 43. g3 hxg3 44. Nxg3 g6 45. h4 Be8 46. Rh1 Rc7 47. Ra1
Rc6 48. Ne2 Bf7 49. Nc3 Kg7 50. Ne2 Kf6 51. Ng3 Be8 52. Nh1 Bf7 53. Nf2 Be8 54.
Nh3 Kg7 55. Rg1 Kf6 56. Rg2 Rc7 57. Ng1 Bf7 58. Ne2 Rc8 59. Rg1 Be8 60. Ng3 Bf7
61. Ra1 Rc6 62. Ra3 Be8 63. Ra2 Bf7 64. Ra1 Be8 65. Rh1 Rc7 66. Rh3 Rh7 67. Rh2
Ra7 68. Ne2 Rc7 69. Rh3 Bf7 70. Rh1 Be8 71. Nc3 Bf7 72. Rc1 Kg7 73. Rg1 Kf6 74.
Nd1 Rc8 75. Nf2 Be6 76. Ra1 Rc6 77. Nh3 Bf7 78. Ng5 Be8 79. Rh1 Rc7 80. Nh3 Bf7
81. Ng1 Be8 82. Ne2 Bf7 83. Ng3 Be8 84. h5 gxh5 85. Nxh5+ Bxh5 86. Rxh5 Rg7 87.
Rh6+ Rg6 88. Rh2 Rg1 89. Rh6+ Rg6 90. Rh2 Rg1 91. Rh6+ Rg6 1/2-1/2

[Event "Quimper-Echiquier Berry Sologne"]
[Site "Rennes"]
[Date "2008.04.05"]
[Round "10.4"]
[White "Laurent, Julien"]
[Black "Bollore, Jacques"]
[Result "1-0"]
[WhiteElo "2294"]
[BlackElo "2115"]
[PlyCount "129"]
[EventDate "2008.04.05"]
[SourceDate "2007.10.25"]

1. c4 Nf6 2. Nf3 e6 3. g3 d5 4. Bg2 c6 5. O-O Nbd7 6. b3 Bd6 7. Bb2 O-O 8. d3
Re8 9. Nc3 Ne5 10. Nxe5 Bxe5 11. d4 Bc7 12. e4 Bb6 13. e5 Nd7 14. cxd5 exd5 15.
Na4 Nf8 16. Nxb6 axb6 17. f4 g6 18. g4 f5 19. exf6 Qxf6 20. f5 g5 21. Bc3 h6
22. Be1 Qe7 23. Bf3 Nh7 24. Bg3 Bd7 25. Re1 Qf8 26. Be5 Nf6 27. Qd2 Kf7 28. a4
Ra7 29. Bc7 Ne4 30. Bxe4 dxe4 31. Bxb6 Raa8 32. Qc2 Qd6 33. Rxe4 Rxe4 34. Qxe4
Re8 35. Qf3 Qb4 36. Bc5 Re1+ 37. Rxe1 Qxe1+ 38. Kg2 Be8 39. Qf2 Qe4+ 40. Qf3
Qe1 41. Qd3 Kg8 42. d5 Bf7 43. Bf2 Qe5 44. dxc6 Qd5+ 45. Qxd5 Bxd5+ 46. Kg3
Bxc6 47. h4 Kf7 48. Be3 Kf6 49. hxg5+ hxg5 50. Bb6 Kg7 51. Bd8 Kh6 52. Be7 Bd5
53. b4 Bb3 54. a5 Ba4 55. Kf2 Bb5 56. Ke3 Ba6 57. Bf8+ Kh7 58. Ke4 Be2 59. Ke5
Bxg4 60. Kf6 Kg8 61. Bc5 Be2 62. Kxg5 Kf7 63. Kf4 Bb5 64. Ke5 Bd3 65. f6 1-0

[Event "Quimper-Echiquier Berry Sologne"]
[Site "Rennes"]
[Date "2008.04.05"]
[Round "10.5"]
[White "Baudon, Andrew"]
[Black "Pouillot, Eric"]
[Result "0-1"]
[WhiteElo "1975"]
[BlackElo "2073"]
[PlyCount "92"]
[EventDate "2008.04.05"]
[SourceDate "2007.10.25"]

1. e4 c5 2. c3 Nf6 3. e5 Nd5 4. d4 cxd4 5. Nf3 e6 6. cxd4 b6 7. Nc3 Nxc3 8.
bxc3 Qc7 9. Bb2 Bb7 10. Be2 Nc6 11. O-O d6 12. c4 dxe5 13. Qa4 exd4 14. Nxd4
Bc5 15. Nb5 Qe7 16. Nd4 Bxd4 17. Bxd4 O-O 18. Bb2 Rfd8 19. Bf3 Nd4 20. Bxb7
Qxb7 21. Rad1 Ne2+ 22. Kh1 Nf4 23. f3 Nd3 24. Ba1 Rd7 25. Kg1 Rad8 26. Qc2 Nc5
27. h4 Qc7 28. h5 Qf4 29. Rxd7 Rxd7 30. Rd1 Qe3+ 31. Kh2 Rxd1 32. Qxd1 Qd3 33.
Qe1 Qf5 34. Qg3 e5 35. Bxe5 Qxh5+ 36. Kg1 Qg6 37. Qe1 Qe6 38. Qg3 f6 39. Bb2
Kf7 40. Bd4 Nd3 41. Qc7+ Qe7 42. Qxe7+ Kxe7 43. Kf1 Ke6 44. a3 Ne5 45. c5 b5
46. Kf2 Kd5 0-1

[Event "Quimper-Echiquier Berry Sologne"]
[Site "Rennes"]
[Date "2008.04.05"]
[Round "10.6"]
[White "Senderovic, Salko"]
[Black "Le Du, Michel"]
[Result "1-0"]
[WhiteElo "2089"]
[BlackElo "1961"]
[PlyCount "71"]
[EventDate "2008.04.05"]
[SourceDate "2007.10.25"]

1. d4 g6 2. c4 Bg7 3. e4 d6 4. Nc3 Nc6 5. Be3 e5 6. d5 Nd4 7. Qd2 f5 8. f3 c5
9. dxc6 bxc6 10. Bd3 Nf6 11. Nge2 c5 12. O-O O-O 13. Bg5 f4 14. Nd5 h6 15. Bh4
g5 16. Bf2 Nxd5 17. exd5 g4 18. fxg4 Bxg4 19. Nc3 f3 20. Bxd4 exd4 21. Ne4 Qh4
22. g3 Qh5 23. Nxd6 Bh3 24. Rf2 Bg2 25. Re1 Be5 26. Ne4 Rf5 27. Rxg2 fxg2 28.
Qxg2 Qf7 29. Nxc5 Rf8 30. Ne6 Rf2 31. Qe4 Bd6 32. Nxf8 Bxf8 33. Qg4+ Bg7 34. d6
Rxb2 35. Rf1 Qe8 36. Qf5 1-0

[Event "Quimper-Echiquier Berry Sologne"]
[Site "Rennes"]
[Date "2008.04.05"]
[Round "10.7"]
[White "Bodenez, Claire"]
[Black "Chaumont, Adeline"]
[Result "1/2-1/2"]
[WhiteElo "2033"]
[BlackElo "2065"]
[PlyCount "94"]
[EventDate "2008.04.05"]
[SourceDate "2007.10.25"]

1. e4 c6 2. d4 d5 3. Nc3 dxe4 4. Nxe4 Bf5 5. Ng3 Bg6 6. Bc4 e6 7. N1e2 Bd6 8.
O-O Qc7 9. f4 Ne7 10. Kh1 Nd7 11. Bd3 Bxd3 12. Qxd3 Nf6 13. f5 e5 14. Bg5 O-O-O
15. Bxf6 gxf6 16. Ne4 exd4 17. Nxf6 Kb8 18. Rae1 h5 19. Qh3 h4 20. Nc1 Be5 21.
Ng4 Bf4 22. Nd3 Bg5 23. Re4 Qd6 24. Qf3 c5 25. Nde5 Rdf8 26. Nc4 Qc7 27. f6 Ng6
28. Qf5 Be3 29. Ncxe3 dxe3 30. Nxe3 Qc6 31. Nd5 h3 32. g3 Re8 33. Rfe1 Rxe4 34.
Qxe4 Rd8 35. c4 Qa6 36. a3 Qc6 37. Kg1 a6 38. Kf2 Ka7 39. b3 Rh8 40. Re3 Qd7
41. Qf3 Qd6 42. Ne7 Ne5 43. Qf5 Qd2+ 44. Re2 Nd3+ 45. Kf3 Ne1+ 46. Kf2 Nd3+ 47.
Kf3 Ne1+ 1/2-1/2

[Event "Quimper-Echiquier Berry Sologne"]
[Site "Rennes"]
[Date "2008.04.05"]
[Round "10.8"]
[White "Fota, Daniel"]
[Black "Brient, Yoann"]
[Result "0-1"]
[WhiteElo "1922"]
[BlackElo "1863"]
[PlyCount "94"]
[EventDate "2008.04.05"]
[SourceDate "2007.10.25"]

1. d4 Nf6 2. Bg5 e6 3. e4 h6 4. Bxf6 Qxf6 5. Nc3 Bb4 6. Qd3 d6 7. Nf3 Nc6 8.
O-O-O Bd7 9. Kb1 O-O-O 10. Be2 g5 11. h3 h5 12. g3 Qg7 13. Qe3 f6 14. Bb5 Na5
15. a3 Bxc3 16. Bxd7+ Qxd7 17. Qxc3 Qb5 18. d5 e5 19. Nd2 b6 20. Rhe1 Kd7 21.
Nf1 Nc4 22. Ne3 Nxe3 23. Qxe3 Ke7 24. Rd3 Rc8 25. Red1 Qd7 26. f4 Rhg8 27. f5
Qa4 28. Qd2 Qxe4 29. Rf1 h4 30. g4 c5 31. dxc6 Qxc6 32. Rd1 Rgd8 33. Qe2 d5 34.
Qd2 d4 35. Qb4+ Qc5 36. Qb3 Qc4 37. Qb4+ Qxb4 38. axb4 Rd5 39. c3 Rcd8 40. cxd4
Rxd4 41. Rxd4 Rxd4 42. Rc1 Kd7 43. b5 Rd3 44. Rc6 Rxh3 45. Rxf6 Rg3 46. Re6
Rxg4 47. Rxe5 h3 0-1

[Event "Echiquier Berry Sologne-Rennes Paul Ber"]
[Site "Rennes"]
[Date "2008.04.06"]
[Round "11.1"]
[White "Lalic, Bogdan"]
[Black "Monroy, Charles"]
[Result "1-0"]
[WhiteElo "2514"]
[BlackElo "2399"]
[PlyCount "65"]
[EventDate "2008.04.06"]
[SourceDate "2007.10.25"]

1. d4 Nf6 2. c4 e6 3. Nf3 c5 4. d5 b5 5. dxe6 fxe6 6. cxb5 d5 7. Nc3 Nbd7 8. g3
Bb7 9. Bg2 Bd6 10. O-O O-O 11. Re1 Ng4 12. h3 Nxf2 13. Kxf2 d4 14. e4 Qc7 15.
Ne2 e5 16. Kg1 Nf6 17. b4 Nxe4 18. bxc5 Bxc5 19. Kh2 Kh8 20. Rf1 Rad8 21. Bg5
Nxg5 22. Nxg5 Bxg2 23. Kxg2 Qb7+ 24. Kh2 Rxf1 25. Qxf1 Rf8 26. Qg2 Qxg2+ 27.
Kxg2 d3 28. Ne4 Bb4 29. N2c3 Rc8 30. Rd1 Bxc3 31. Rc1 d2 32. Rxc3 Rd8 33. Nf2
1-0

[Event "Echiquier Berry Sologne-Rennes Paul Ber"]
[Site "Rennes"]
[Date "2008.04.06"]
[Round "11.2"]
[White "Demanghon, Jonathan"]
[Black "Cosma, Ioan"]
[Result "0-1"]
[WhiteElo "2227"]
[BlackElo "2453"]
[PlyCount "80"]
[EventDate "2008.04.06"]
[SourceDate "2007.10.25"]

1. d4 d5 2. c4 c6 3. Nf3 Nf6 4. e3 e6 5. Nbd2 dxc4 6. Nxc4 c5 7. Nce5 cxd4 8.
exd4 Bb4+ 9. Bd2 Bxd2+ 10. Qxd2 O-O 11. Bd3 b6 12. O-O Bb7 13. Rac1 Qd6 14.
Rfd1 Nbd7 15. Qe2 Rac8 16. Ba6 Bxa6 17. Qxa6 Rc7 18. Rc3 Nxe5 19. Nxe5 Nd5 20.
Rcc1 Nb4 21. Qa4 Rxc1 22. Rxc1 Qxd4 23. Nd3 Qxd3 24. Qxb4 Rd8 25. h3 g6 26. Rc7
Qb1+ 27. Kh2 Qxa2 28. Qe7 Rf8 29. Qf6 a5 30. Rb7 Qc4 31. h4 h5 32. g3 Qc6 33.
Ra7 Qd5 34. Kg1 a4 35. Qf4 b5 36. Re7 Qd1+ 37. Kg2 Qd8 38. Rb7 Qd5+ 39. Qf3 Qe5
40. b3 a3 0-1

[Event "Echiquier Berry Sologne-Rennes Paul Ber"]
[Site "Rennes"]
[Date "2008.04.06"]
[Round "11.3"]
[White "Webb, Laurence"]
[Black "Bleuzen, Cedric"]
[Result "1-0"]
[WhiteElo "2309"]
[BlackElo "2029"]
[PlyCount "71"]
[EventDate "2008.04.06"]
[SourceDate "2007.10.25"]

1. e4 e6 2. d4 d5 3. e5 b6 4. c3 Qd7 5. Nf3 a5 6. a4 Ba6 7. Bxa6 Nxa6 8. O-O c5
9. Na3 Ne7 10. Nb5 Nc6 11. Re1 Nc7 12. Be3 c4 13. Nxc7+ Qxc7 14. h4 Be7 15. b3
cxb3 16. Qxb3 O-O 17. Rab1 Rab8 18. h5 Rfc8 19. h6 g6 20. Rec1 Bf8 21. c4 dxc4
22. Rxc4 Qd7 23. Qb5 Qd5 24. Nh2 Bb4 25. Qxd5 exd5 26. Rcc1 Ne7 27. Ng4 Rc4 28.
Nf6+ Kh8 29. Rxc4 dxc4 30. d5 b5 31. axb5 Rxb5 32. d6 Nc6 33. d7 Nd8 34. Bd4
Rb7 35. Rd1 Be7 36. Nd5 1-0

[Event "Echiquier Berry Sologne-Rennes Paul Ber"]
[Site "Rennes"]
[Date "2008.04.06"]
[Round "11.4"]
[White "Le Bail, Clara"]
[Black "Laurent, Julien"]
[Result "0-1"]
[WhiteElo "2012"]
[BlackElo "2274"]
[PlyCount "66"]
[EventDate "2008.04.06"]
[SourceDate "2007.10.25"]

1. e4 c5 2. c3 d5 3. exd5 Qxd5 4. d4 e5 5. dxe5 Qxd1+ 6. Kxd1 Nc6 7. f4 Bf5 8.
Be3 O-O-O+ 9. Nd2 f6 10. Ngf3 Nh6 11. h3 fxe5 12. fxe5 Nf7 13. Bf4 g5 14. Be3
h6 15. g4 Be6 16. Kc2 Nfxe5 17. Nxe5 Nxe5 18. Bg2 Rh7 19. Rad1 Rhd7 20. Nb3 Nc4
21. Bc1 Re8 22. Rhe1 Rde7 23. Kd3 Nxb2+ 24. Bxb2 c4+ 25. Kd2 cxb3 26. axb3 Bxb3
27. Rxe7 Rd8+ 28. Ke3 Bxd1 29. Re5 Bd6 30. Rf5 b6 31. Ba1 Bc5+ 32. Ke4 Ba4 33.
Bb2 Rd1 0-1

[Event "Echiquier Berry Sologne-Rennes Paul Ber"]
[Site "Rennes"]
[Date "2008.04.06"]
[Round "11.6"]
[White "Le Montagner, Yoann"]
[Black "Chaumont, Adeline"]
[Result "0-1"]
[WhiteElo "2065"]
[BlackElo "2007"]
[PlyCount "78"]
[EventDate "2008.04.06"]
[SourceDate "2007.10.25"]

1. e4 c6 2. d4 d5 3. exd5 cxd5 4. c4 Nf6 5. Nc3 g6 6. cxd5 Bg7 7. Bc4 O-O 8.
Nf3 a6 9. a4 Nbd7 10. O-O Nb6 11. Qb3 Nxc4 12. Qxc4 b6 13. Bf4 Bb7 14. Ne5 Nxd5
15. Nxd5 Bxd5 16. Qb4 e6 17. Rac1 Qh4 18. Bg3 Qe4 19. f3 Qe3+ 20. Kh1 b5 21.
Rfe1 Qb3 22. Qxb3 Bxb3 23. axb5 axb5 24. Rc5 Ba4 25. d5 exd5 26. Rxd5 b4 27.
Nd3 b3 28. Be5 Rfe8 29. Rd1 Bc6 30. Rc5 Bd7 31. Bxg7 Kxg7 32. Rc3 Rad8 33. Nc5
Bf5 34. Rdc1 Re2 35. Nxb3 Rxb2 36. h3 Ra2 37. Rc4 Rd3 38. R4c3 Rxc3 39. Rxc3
Ra3 0-1

[Event "Echiquier Berry Sologne-Rennes Paul Ber"]
[Site "Rennes"]
[Date "2008.04.06"]
[Round "11.7"]
[White "Senderovic, Salko"]
[Black "Favarel, Camille"]
[Result "1/2-1/2"]
[WhiteElo "2089"]
[BlackElo "2093"]
[PlyCount "132"]
[EventDate "2008.04.06"]
[SourceDate "2007.10.25"]

1. e4 c6 2. d4 d5 3. Nc3 dxe4 4. Nxe4 Bf5 5. Ng3 Bg6 6. h4 h6 7. Nf3 Nd7 8. h5
Bh7 9. Bd3 Bxd3 10. Qxd3 e6 11. Bd2 Ngf6 12. c4 Qc7 13. Bc3 O-O-O 14. O-O-O Bd6
15. Ne4 Nxe4 16. Qxe4 Be7 17. Kb1 Bf6 18. Rc1 Rhe8 19. Rhe1 Kb8 20. Bd2 Ka8 21.
Bc3 Kb8 22. Re3 a6 23. Ne5 Nxe5 24. dxe5 Be7 25. f4 Rd7 26. Be1 Red8 27. Bc3
Qb6 28. Re2 Bc5 29. g4 Bd4 30. Be1 Bc5 31. Bc3 Bb4 32. Qe3 Qa5 33. Bxb4 Qxb4
34. a3 Qa5 35. Rc3 Qa4 36. Ka2 Qd1 37. Qf2 Rd3 38. Re3 Rd2 39. Qe1 Qxe1 40.
Rxe1 Rg2 41. f5 Rdd2 42. Rb3 Rxg4 43. fxe6 fxe6 44. Rf1 Rd7 45. Rf8+ Kc7 46.
Re8 Rg5 47. Rxe6 Rxh5 48. Re8 b5 49. cxb5 axb5 50. e6 Rd8 51. Re7+ Kd6 52. Rxg7
Kxe6 53. Rg6+ Kd7 54. Rd3+ Rd5 55. Rxd5+ cxd5 56. Rxh6 Kc7 57. Kb3 Rd6 58. Rh7+
Kc6 59. Kc3 d4+ 60. Kd3 Kc5 61. Rh4 Rd5 62. b4+ Kc6 63. Rh6+ Kc7 64. Ra6 Kb7
65. Ra5 Kb6 66. a4 Rh5 1/2-1/2

[Event "Echiquier Berry Sologne-Rennes Paul Ber"]
[Site "Rennes"]
[Date "2008.04.06"]
[Round "11.8"]
[White "Bleuzen, Erwan"]
[Black "Fota, Daniel"]
[Result "1/2-1/2"]
[WhiteElo "2038"]
[BlackElo "1922"]
[PlyCount "47"]
[EventDate "2008.04.06"]
[SourceDate "2007.10.25"]

1. d4 Nf6 2. c4 e6 3. Nf3 b6 4. g3 Bb7 5. Bg2 Bb4+ 6. Bd2 Bxd2+ 7. Nbxd2 d6 8.
O-O Nbd7 9. e3 O-O 10. Qe2 Qe7 11. Rfe1 e5 12. d5 a5 13. Nh4 g6 14. e4 Nh5 15.
Nf5 Qe8 16. Nf1 gxf5 17. Qxh5 fxe4 18. Qf5 Nc5 19. Qg5+ Kh8 20. Qf6+ Kg8 21.
Rxe4 Nxe4 22. Bxe4 Bc8 23. Qg5+ Kh8 24. Qf6+ 1/2-1/2

[Event "Quimper-Orleans"]
[Site "Rennes"]
[Date "2008.04.06"]
[Round "11.1"]
[White "Bleunven, Andre"]
[Black "Perrin, Guillaume"]
[Result "1/2-1/2"]
[WhiteElo "2265"]
[BlackElo "2265"]
[PlyCount "50"]
[EventDate "2008.04.06"]
[SourceDate "2007.10.25"]

1. d4 Nf6 2. Nf3 g6 3. c4 Bg7 4. Nc3 O-O 5. e4 d6 6. Be2 e5 7. Be3 Na6 8. d5
Qe8 9. Nd2 Nd7 10. f3 f5 11. g4 fxg4 12. fxg4 Ndc5 13. a3 Bd7 14. Qc2 Na4 15.
Nb5 Nb6 16. Nb3 Qe7 17. h4 c6 18. dxc6 Bxc6 19. Nxa7 Rxa7 20. Bxb6 Raa8 21. Be3
Rf4 22. Bxf4 exf4 23. Bf3 Ba4 24. Qd3 Bxb2 25. Rb1 Be5 1/2-1/2

[Event "Quimper-Orleans"]
[Site "Rennes"]
[Date "2008.04.06"]
[Round "11.2"]
[White "Spitz, Christophe"]
[Black "Jolly, Jean Francois"]
[Result "1/2-1/2"]
[WhiteElo "2175"]
[BlackElo "2329"]
[PlyCount "86"]
[EventDate "2008.04.06"]
[SourceDate "2007.10.25"]

1. e4 e5 2. Nf3 Nc6 3. d4 exd4 4. Bc4 Nf6 5. O-O Nxe4 6. Re1 d5 7. Bxd5 Qxd5 8.
Nc3 Qa5 9. Nxe4 Be6 10. Bd2 Qd5 11. Bg5 Bb4 12. c3 Ba5 13. Rc1 b5 14. Bf6 O-O
15. Nxd4 Nxd4 16. Bxd4 Bb6 17. Bxb6 axb6 18. a3 Qxd1 19. Rcxd1 Rfd8 20. f3 Bb3
21. Rxd8+ Rxd8 22. Re2 Rd1+ 23. Kf2 Kf8 24. Rd2 Rb1 25. Ke3 Ke7 26. Ng3 g6 27.
Ne2 c5 28. Nf4 f5 29. Nd3 Ke6 30. f4 h6 31. Ne5 g5 32. Nd7 gxf4+ 33. Kxf4 Rf1+
34. Kg3 f4+ 35. Kh4 Rd1 36. Rxd1 Bxd1 37. Nxb6 c4 38. a4 bxa4 39. Nxc4 Be2 40.
Nd2 Kf5 41. Kh3 Bg4+ 42. Kh4 Be2 43. Kh3 Bg4+ 1/2-1/2

[Event "Quimper-Orleans"]
[Site "Rennes"]
[Date "2008.04.06"]
[Round "11.3"]
[White "Entem, Alan"]
[Black "Gastal, Laurent"]
[Result "1/2-1/2"]
[WhiteElo "2165"]
[BlackElo "1995"]
[PlyCount "119"]
[EventDate "2008.04.06"]
[SourceDate "2007.10.25"]

1. e4 c5 2. Nf3 e6 3. d4 cxd4 4. Nxd4 a6 5. Be2 Nf6 6. Nc3 Bb4 7. Bf3 Bxc3+ 8.
bxc3 O-O 9. O-O d6 10. Ba3 Re8 11. c4 Qc7 12. Qe2 Nbd7 13. Nb3 Ne5 14. c5 Nxf3+
15. Qxf3 dxc5 16. Bxc5 b6 17. e5 Bb7 18. Bd6 Bxf3 19. Bxc7 Nd5 20. Bd6 Be4 21.
c4 Nf4 22. f3 Bd3 23. Rfe1 Bxc4 24. Re4 Bxb3 25. Rxf4 Bd5 26. Rb4 b5 27. a4 Bc4
28. axb5 axb5 29. Rbb1 Ra4 30. Rxa4 bxa4 31. Kf2 Ra8 32. Ra1 h6 33. Ke1 Bb3 34.
Kd2 Rc8 35. Rc1 Rxc1 36. Kxc1 Kh7 37. Kd2 Kg6 38. Ke3 f6 39. f4 fxe5 40. Bxe5
a3 41. g4 a2 42. Ba1 Bd5 43. Bb2 Kf7 44. h4 g6 45. g5 h5 46. Kd4 Bf3 47. Ke5
Ke7 48. Ba3+ Kd7 49. Bb2 Bg4 50. Kd4 Kc6 51. Kc4 Bf5 52. Bd4 Be4 53. Ba1 Bf3
54. Kd4 Kb5 55. Bc3 Ka4 56. Kd3 Kb3 57. Ba1 Bg4 58. Kd2 Kc4 59. Bh8 Bf5 60. Ba1
1/2-1/2

[Event "Quimper-Orleans"]
[Site "Rennes"]
[Date "2008.04.06"]
[Round "11.4"]
[White "Bernardin, Thierry"]
[Black "Bollere, Jacques"]
[Result "0-1"]
[WhiteElo "1990"]
[BlackElo "2115"]
[PlyCount "42"]
[EventDate "2008.04.06"]
[SourceDate "2007.10.25"]

1. d4 d5 2. e3 Bf5 3. f4 e6 4. Nf3 Bd6 5. Nbd2 Nd7 6. Be2 h6 7. O-O Ngf6 8. Ne5
Qe7 9. c3 g5 10. Qb3 gxf4 11. exf4 Rb8 12. Ndf3 Rg8 13. Nxd7 Kxd7 14. Ne5+ Kc8
15. Be3 Ne4 16. Nf3 Bh3 17. Ne1 Qh4 18. Kh1 Ng3+ 19. hxg3 Bxg2+ 20. Kg1 Qxg3
21. Bf2 Qh3 0-1

[Event "Quimper-Orleans"]
[Site "Rennes"]
[Date "2008.04.06"]
[Round "11.5"]
[White "Baudon, Andrew"]
[Black "Maurel, Jean Louis"]
[Result "1-0"]
[WhiteElo "1975"]
[BlackElo "1995"]
[PlyCount "57"]
[EventDate "2008.04.06"]
[SourceDate "2007.10.25"]

1. e4 g6 2. d4 Bg7 3. Bc4 c6 4. Nc3 e6 5. Bb3 d5 6. Nf3 Nf6 7. Qe2 O-O 8. e5
Nfd7 9. h4 a6 10. h5 c5 11. dxc5 Nc6 12. Bg5 Qc7 13. hxg6 fxg6 14. O-O-O Nxc5
15. Bxd5 Nxe5 16. Nxe5 Qxe5 17. Qxe5 Bxe5 18. Be7 Rf7 19. Bxc5 exd5 20. Rxd5
Bf4+ 21. Kb1 Be6 22. Rdd1 Rc8 23. Bb6 Bf5 24. Rhe1 Bg5 25. f3 Bf6 26. Bd4 Kg7
27. Bxf6+ Kxf6 28. g4 Bd7 29. Ne4+ 1-0

[Event "Quimper-Orleans"]
[Site "Rennes"]
[Date "2008.04.06"]
[Round "11.6"]
[White "Vaillant, Stephane"]
[Black "Le Du, Michel"]
[Result "1-0"]
[WhiteElo "2017"]
[BlackElo "1961"]
[PlyCount "39"]
[EventDate "2008.04.06"]
[SourceDate "2007.10.25"]

1. d4 g6 2. c4 Nf6 3. Nf3 Bg7 4. Nc3 d5 5. Bf4 O-O 6. e3 c5 7. dxc5 Qa5 8. Rc1
dxc4 9. Bxc4 Qxc5 10. Bb3 Nc6 11. O-O Bg4 12. h3 Rad8 13. Qe2 Bf5 14. e4 Bc8
15. Nd5 Nd4 16. Nxd4 Qxd4 17. Rfd1 Qxe4 18. Qxe4 Nxe4 19. Nxe7+ Kh8 20. Rxd8
1-0

[Event "Quimper-Orleans"]
[Site "Rennes"]
[Date "2008.04.06"]
[Round "11.7"]
[White "Bodenez, Claire"]
[Black "Teixeira, Antonio"]
[Result "0-1"]
[WhiteElo "2033"]
[BlackElo "1899"]
[PlyCount "86"]
[EventDate "2008.04.06"]
[SourceDate "2007.10.25"]

1. e4 c6 2. d4 d5 3. Nc3 dxe4 4. Nxe4 g6 5. Bc4 Bg7 6. c3 Nf6 7. Nxf6+ exf6 8.
Ne2 O-O 9. O-O Re8 10. Ng3 h5 11. Be3 h4 12. Ne2 b5 13. Bb3 Bg4 14. h3 Bh5 15.
Qd2 g5 16. Rfe1 c5 17. Bd1 c4 18. a4 Na6 19. axb5 Nc7 20. b3 cxb3 21. c4 Ne6
22. f3 f5 23. Rb1 f4 24. Bf2 Nxd4 25. Nxd4 Rxe1+ 26. Qxe1 Bxd4 27. Bxb3 Bxf2+
28. Qxf2 Qd3 29. Qf1 Qe3+ 30. Kh2 Bg6 31. Rb2 Bd3 32. Qa1 Re8 33. Ra2 g4 34.
hxg4 h3 35. Qg1 Qe5 36. Rd2 Qc3 37. Qd1 Re3 38. gxh3 Rxf3 39. Qxf3 Qxd2+ 40.
Qg2 Qe3 41. c5 Be4 42. Bxf7+ Kxf7 43. Qa2+ Kf8 0-1

[Event "Quimper-Orleans"]
[Site "Rennes"]
[Date "2008.04.06"]
[Round "11.8"]
[White "Dinet, Virginie"]
[Black "Brient, Yoann"]
[Result "0-1"]
[WhiteElo "1790"]
[BlackElo "1863"]
[PlyCount "54"]
[EventDate "2008.04.06"]
[SourceDate "2007.10.25"]

1. e4 c5 2. Nf3 d6 3. d4 cxd4 4. Nxd4 Nf6 5. Nc3 Nc6 6. Nb3 e6 7. Bd3 Be7 8.
O-O O-O 9. f4 Bd7 10. Qf3 e5 11. f5 Nb4 12. Bd2 Bc6 13. g4 d5 14. h3 a5 15.
Rfd1 a4 16. Nc1 Nxd3 17. cxd3 Qb6+ 18. Kh2 dxe4 19. dxe4 Qxb2 20. Nd3 Qa3 21.
Nxe5 Bd6 22. Bf4 Nxe4 23. Nxc6 Bxf4+ 24. Qxf4 Nxc3 25. Qc1 Qc5 26. Ne7+ Kh8 27.
Rd7 Qf2+ 0-1

[Event "Cergy Pontoise-Gonfreville l'Orcher II"]
[Site "Gonfreville l'Orcher"]
[Date "2008.04.06"]
[Round "11.1"]
[White "Bernard, Christophe"]
[Black "Lefebvre, Herve"]
[Result "1/2-1/2"]
[WhiteElo "2361"]
[BlackElo "2246"]
[PlyCount "64"]
[EventDate "2008.04.06"]
[SourceDate "2007.10.25"]

1. d4 Nf6 2. c4 g6 3. Nc3 d5 4. Nf3 Bg7 5. e3 O-O 6. Qb3 dxc4 7. Bxc4 Nc6 8.
Be2 b6 9. O-O Bb7 10. Bd2 e6 11. Rac1 Qe7 12. Rfd1 Rfd8 13. Na4 Rab8 14. Bb5
Na5 15. Qc2 c5 16. Nxc5 Bxf3 17. gxf3 bxc5 18. Bxa5 Rxb5 19. Bxd8 Qxd8 20. dxc5
Nd5 21. c6 Rxb2 22. Qe4 Qc7 23. f4 Rxa2 24. Qb1 Rb2 25. Qd3 h5 26. e4 Qxf4 27.
Qg3 Qxe4 28. Rxd5 exd5 29. c7 Rc2 30. Rxc2 Qe1+ 31. Kg2 Qe4+ 32. Kh3 Qf3
1/2-1/2

[Event "Cergy Pontoise-Gonfreville l'Orcher II"]
[Site "Gonfreville l'Orcher"]
[Date "2008.04.06"]
[Round "11.2"]
[White "Bacon, Nicolas"]
[Black "Marcantoni, Herve"]
[Result "1-0"]
[WhiteElo "2246"]
[BlackElo "2206"]
[PlyCount "53"]
[EventDate "2008.04.06"]
[SourceDate "2007.10.25"]

1. e4 d6 2. d4 g6 3. Nc3 Bg7 4. Be3 a6 5. f4 b5 6. Bd3 b4 7. Nce2 Nf6 8. Nf3
Bb7 9. Ng3 Nbd7 10. O-O O-O 11. Kh1 c5 12. c3 bxc3 13. bxc3 Qc7 14. Rc1 a5 15.
Qe2 a4 16. Ng5 e6 17. e5 Ne8 18. f5 exf5 19. e6 Ndf6 20. exf7+ Rxf7 21. Nxf7
Kxf7 22. dxc5 dxc5 23. Bc4+ Nd5 24. Rcd1 Nef6 25. Ne4 Nxe4 26. Rxd5 Kf8 27.
Bxc5+ 1-0

[Event "Cergy Pontoise-Gonfreville l'Orcher II"]
[Site "Gonfreville l'Orcher"]
[Date "2008.04.06"]
[Round "11.3"]
[White "Jaulin, Marc"]
[Black "Mandon, Fabrice"]
[Result "0-1"]
[WhiteElo "2145"]
[BlackElo "2216"]
[PlyCount "62"]
[EventDate "2008.04.06"]
[SourceDate "2007.10.25"]

1. e4 Nf6 2. e5 Nd5 3. d4 d6 4. c4 Nb6 5. exd6 cxd6 6. Nc3 g6 7. Be3 Bg7 8. h3
O-O 9. Nf3 Nc6 10. Rc1 Bf5 11. Bd3 Bxd3 12. Qxd3 d5 13. b3 e5 14. cxd5 exd4 15.
Nxd4 Nb4 16. Qd2 N4xd5 17. Nxd5 Nxd5 18. O-O Nxe3 19. fxe3 Qe7 20. Rf3 Rad8 21.
Rc4 Rd7 22. Qb4 Qxb4 23. Rxb4 Rc8 24. a4 Rc5 25. Rf4 Rc1+ 26. Kf2 Re7 27. Nf3
Rc2+ 28. Kg3 Bf8 29. Rfe4 Rd7 30. Rbd4 Bd6+ 31. Kh4 Rxg2 0-1

[Event "Cergy Pontoise-Gonfreville l'Orcher II"]
[Site "Gonfreville l'Orcher"]
[Date "2008.04.06"]
[Round "11.4"]
[White "Theon, Pierre"]
[Black "Yacob, Francois"]
[Result "1-0"]
[WhiteElo "2153"]
[BlackElo "2179"]
[PlyCount "27"]
[EventDate "2008.04.06"]
[SourceDate "2007.10.25"]

1. e4 c5 2. Nf3 e6 3. d4 cxd4 4. Nxd4 Nf6 5. Nc3 Nc6 6. Be2 Bb4 7. O-O O-O 8.
Nxc6 dxc6 9. e5 Nd7 10. Bf4 Qa5 11. Qd4 Qc5 12. Rad1 Qxd4 13. Rxd4 f6 14. Rxb4
1-0

[Event "Cergy Pontoise-Gonfreville l'Orcher II"]
[Site "Gonfreville l'Orcher"]
[Date "2008.04.06"]
[Round "11.5"]
[White "Cathelineau, Didier"]
[Black "Jeanne, Mickael"]
[Result "1/2-1/2"]
[WhiteElo "2201"]
[BlackElo "2204"]
[PlyCount "46"]
[EventDate "2008.04.06"]
[SourceDate "2007.10.25"]

1. d4 e6 2. c4 Nf6 3. Nf3 Bb4+ 4. Bd2 Qe7 5. a3 Bxd2+ 6. Nbxd2 d6 7. e4 e5 8.
d5 a5 9. g3 a4 10. Bg2 Nbd7 11. O-O Nc5 12. Qc2 O-O 13. Ne1 Nh5 14. Nd3 Nxd3
15. Qxd3 f5 16. exf5 Bxf5 17. Ne4 Nf6 18. Rae1 Qd7 19. Rc1 b6 20. Qe2 Bxe4 21.
Bxe4 Nxe4 22. Qxe4 Rae8 23. Rc3 Rf6 1/2-1/2